000
00332nam a2200133Ia 4500
008
220204s9999 xx 000 0 und d
082
_a
615.37
_b
CUS
100
_a
Campbell, Dan H
245
0
_a
Principles of immunology
260
_a
New York
_b
McGraw Hill
_c
1957
650
_a
Immunology
700
_a
Cushing, John E
942
_c
BK
999
_c
19375
_d
19375